Statistics for nfl players by number

Click here to take the quiz!

General Stats

  • This quiz has been taken 23 times
  • The average score is 33 of 38

Answer Stats

HintAnswer% Correct
kyler murray1
100%
chase claypool11
100%
keenan allen13
95%
julio jones2
95%
ezekiel elliot21
95%
harrison smith22
95%
deshaun watson4
95%
jalen ramsey5
95%
leonard fournette7
95%
kyle pitts8
95%
ceedee lamb88
95%
deandre hopkins10
90%
stefon diggs14
90%
davante adams17
90%
justin jefferson18
90%
jamal adams33
90%
alvin kamara41
90%
khalil mack52
90%
bradley chubb55
90%
jarvis landry80
90%
george kittle85
90%
tyler lockett16
86%
kenny golladay19
86%
saquon barkley26
86%
jessie bates III30
86%
mike williams81
86%
darren waller83
86%
myles garrett95
86%
tredavious white27
81%
von miller40
81%
andrew whitworth77
81%
mark andrews89
81%
vita vea50
76%
jason kelce62
76%
nick bosa97
76%
tarik cohen29
71%
chuck clark36
71%
david decastro66
71%

Score Distribution

Percentile by Number Answered

Percent of People with Each Score

Your Score History

You have not taken this quiz